Innovation and Entrepreneurship : Practice and Principles /
Contenido: I) La práctica de la innovación: 1. Sistemática del empresariado innovador; 2. La innovación con objetivos; 3. Fuentes: lo inesperado; 4. Fuentes: lo incongruente; 5. Fuentes: la necesidad del proceso; 6. Fuentes: la estructura del mercado y de la industria; 7. Fuentes: los cambios demogr...
Uloženo v:
| Hlavní autor: | |
|---|---|
| Médium: | Kniha |
| Jazyk: | angličtina |
| Vydáno: |
Nueva York, EUA :
Harper,
1993, c1993
|
| Edice: | (Harper Business)
|
| Témata: | |
| Tagy: |
Žádné tagy, Buďte první, kdo vytvoří štítek k tomuto záznamu!
|
MARC
| LEADER | 00000nam^a2200000^a^4500 | ||
|---|---|---|---|
| 001 | 000165995 | ||
| 005 | 20250521000000.0 | ||
| 009 | 20260310101035.944 | ||
| 020 | |a 0-88730-618-7 | ||
| 037 | |a Acervo ITESO - Biblioteca | ||
| 041 | |a ING | ||
| 082 | |a 658. 4063 |b DRU | ||
| 100 | |a Drucker, Peter F. |e (autor) | ||
| 240 | 1 | 4 | |a [La innovación y el empresario innovador: la práctica y los principios] |
| 245 | 1 | 0 | |a Innovation and Entrepreneurship : |b Practice and Principles / |c P.F. Drucker. |
| 264 | 4 | |a Nueva York, EUA : |b Harper, |c 1993, c1993 | |
| 300 | |a IX, 277 p. | ||
| 336 | |a texto |b txt |2 rdacontenido | ||
| 337 | |a sin mediación |b n |2 rdamedio | ||
| 338 | |a volumen |b nc |2 rdasoporte | ||
| 440 | 1 | |a (Harper Business) | |
| 520 | |a Contenido: I) La práctica de la innovación: 1. Sistemática del empresariado innovador; 2. La innovación con objetivos; 3. Fuentes: lo inesperado; 4. Fuentes: lo incongruente; 5. Fuentes: la necesidad del proceso; 6. Fuentes: la estructura del mercado y de la industria; 7. Fuentes: los cambios demográficos; 8. Fuentes: los cambios de percepción; 9. Fuentes: los nuevos conocimientos; 10. La idea brillante; 11. Los principios de la innovación; II) La práctica del empresariado innovador: 12. La gerencia empresaria innovadora; 13. El negocio innovador; 14. El empresario innovador en las instituciones de servicios; 15. La nueva empresa arriesgada; 16. "Meterse a lo grande"; 17. "Golpee donde nadie ha golpeado"; 18. Los nichos ecológicos; 19. Cómo cambiar los valores y las características; 20. La innovación y el empresariado innovador. | ||
| 521 | |a 2012-2016 BO Currículum Universitario | ||
| 521 | |a 2016 BO Licenciatura en Ingeniería en Sistemas Computacionales Acreditación | ||
| 521 | |a 2016 BO Licenciatura en Ingeniería en Redes y Telecomunicaciones Acreditación | ||
| 521 | |a 2016 BO Licenciatura en Ingeniería Electrónica Acreditación | ||
| 649 | |a XX | ||
| 650 | |a Empresarios | ||
| 650 | |a Gerentes y Jefes | ||
| 650 | |a Empresas - |x Administración | ||
| 650 | |a Liderazgo | ||
| 650 | |a Exito Administrativo | ||
| 650 | |a Innovación Administrativa - |x Tema Principal | ||
| 650 | |a Cambio Organizacional | ||
| 650 | |a Desarrollo Organizacional | ||
| 650 | |a Proceso Administrativo - |x Dirección | ||
| 650 | |a Administración | ||
| 650 | |a Ciencias Administrativas | ||
| 910 | |a Fondo General | ||
| 920 | |a Impresos - Libros | ||
| 930 | |a Colección General | ||
| 905 | |a 101 | ||
| 901 | |a 0500101033 |b IT1 |c ACC |u 20250521 | ||
| 901 | |a 0500101039 |b IT1 |c ACC |u 20250521 | ||
| 901 | |a 0500102947 |b IT1 |c ACC |u 20250521 | ||
| 901 | |a 0500263915 |b IT1 |c ACC |i C150449 |u 20250521 | ||
| 901 | |a 0500263914 |b IT1 |c ACC |i C150450 |u 20250521 | ||
| 902 | |a https://opac.biblio.iteso.mx/vufind/Record/000165995 | ||